ខ្លាចាញ់ប្រាជ្ញាគីង្គក់ និងខ្យង : (Record no. 8717)
[ view plain ]
| 000 -LEADER | |
|---|---|
| fixed length control field | 02295nam a22003017a 4500 |
| 001 - CONTROL NUMBER | |
| control field | 8717 |
| 003 - CONTROL NUMBER IDENTIFIER | |
| control field | FISKH |
| 005 - DATE AND TIME OF LATEST TRANSACTION | |
| control field | 20251014082045.0 |
| 008 - FIXED-LENGTH DATA ELEMENTS--GENERAL INFORMATION | |
| fixed length control field | 251014b cb ||||| |||| 00| 0 eng d |
| 020 ## - INTERNATIONAL STANDARD BOOK NUMBER | |
| International Standard Book Number | 9789996346453 |
| 040 ## - CATALOGING SOURCE | |
| Original cataloging agency | FISKH |
| Language of cataloging | khr |
| Transcribing agency | FISKH |
| Modifying agency | FISKH |
| 050 ## - LIBRARY OF CONGRESS CALL NUMBER | |
| Classification number | PZ7 |
| 082 ## - DEWEY DECIMAL CLASSIFICATION NUMBER | |
| Classification number | 800 |
| 100 ## - MAIN ENTRY--PERSONAL NAME | |
| Personal name | Chakriya, Vat |
| 245 ## - TITLE STATEMENT | |
| Title | ខ្លាចាញ់ប្រាជ្ញាគីង្គក់ និងខ្យង : |
| Remainder of title | The tiger cheated by the toad and the tortoise / |
| Statement of responsibility, etc. | រៀបរៀងដោយ អ្នកនាង វ៉ាត ចរិយា , កែសម្រួលដោយ អ្នកស្រី គឹមស៊ុន សុធារី |
| 260 ## - PUBLICATION, DISTRIBUTION, ETC. | |
| Place of publication, distribution, etc. | Phnom Penh : |
| Name of publisher, distributor, etc. | Reading Books , |
| Date of publication, distribution, etc. | 2015. |
| 300 ## - PHYSICAL DESCRIPTION | |
| Extent | 24 pages : |
| Other physical details | color illustrations ; |
| Dimensions | 25 cm . |
| 505 ## - FORMATTED CONTENTS NOTE | |
| Formatted contents note | L <br/> |
| 520 ## - SUMMARY, ETC. | |
| Summary, etc. | អត្ថបទនេះត្រូវបានសរសេរឡើងក្នុងគោលបំណងបង្ហាត់កុមារឲ្យយល់ថា មនុស្សមានទេពកោសល្យខុសៗគ្នា ជីវិតនិងរបររស់នៅរបស់គ្នាក៏ខុសគ្នាផងដែរ។ ដូច្នេះ យើងគួរតែរស់នៅដោយមានការពេញចិត្តនឹងស្ថានភាព និងលក្ខខណ្ឌរបស់ខ្លួន មិនគួរបង្អាប់អ្នកក្រីក្រ ឬអ្នកមានកម្លាំងទាបជាងខ្លួនឡើយ ហើយក៏មិនគួរសុំនឹងមនុស្សដែលល្អជាងខ្លួនដែរ។ |
| 520 ## - SUMMARY, ETC. | |
| Summary, etc. | This story is written in an attempt to tell kids that people have got various talent, their lifestyle and livelihood are also different . So, we need to live comfortably with our situation and conditions, not pouring scorn on paupers or weaker people or feeling envious with anyone who is better than us. |
| 521 8# - TARGET AUDIENCE NOTE | |
| Target audience note | 530 <br/> |
| Source | Lexile estimate <br/> |
| 521 8# - TARGET AUDIENCE NOTE | |
| Target audience note | L <br/> |
| Source | Raz-Plus <br/><br/> |
| 650 ## - SUBJECT ADDED ENTRY--TOPICAL TERM | |
| Topical term or geographic name entry element | សត្វខ្លា |
| Form subdivision | រឿងនិទានកុមារ |
| 650 ## - SUBJECT ADDED ENTRY--TOPICAL TERM | |
| Topical term or geographic name entry element | Tiger |
| Form subdivision | Children's Stories |
| 700 ## - ADDED ENTRY--PERSONAL NAME | |
| Personal name | Chinith, Chou |
| Relator term | Illustrator |
| 942 ## - ADDED ENTRY ELEMENTS (KOHA) | |
| Source of classification or shelving scheme | Dewey Decimal Classification |
| Koha item type | Khmer Books |
| Suppress in OPAC | No |
| Withdrawn status | Lost status | Source of classification or shelving scheme | Damaged status | Not for loan | Collection | Home library | Current library | Shelving location | Date acquired | Total Checkouts | Total Renewals | Full call number | Barcode | Date last seen | Date last checked out | Price effective from | Koha item type |
|---|---|---|---|---|---|---|---|---|---|---|---|---|---|---|---|---|---|
| Dewey Decimal Classification | Khmer-English Bilingual / ភាសាខ្មែរ-អង់គ្លេស | Footprints International School Library Network Toul Tom Poung Campus | Footprints International School Library Network Toul Tom Poung Campus | TTP Primary Khmer Bookshelves | 10/14/2025 | 2 | 1 | CHA PZ7 800 | FISBK03751 | 03/31/2026 | 03/02/2026 | 10/14/2025 | Khmer Books |
